| 000 | 01253nam a2200301 a 4500 | ||
|---|---|---|---|
| 001 | 67294 | ||
| 003 | BD-RjUL | ||
| 005 | 20211209081632.0 | ||
| 008 | 170323s1970 nyua b 001 0 eng | ||
| 020 | _a0444000887 | ||
| 035 | _a(BD-RjUL)67425 | ||
| 040 |
_aDLC _cDLC _dBD-RjUL _beng |
||
| 041 | 1 | _aengrus | |
| 082 | 0 | 0 |
_a519.8 _223 _bDEA 1970 |
| 100 | 1 |
_aDemya︡nov, V. F. _q(Vladimir Fedorovich), _d1938- _9199387 |
|
| 245 | 1 | 0 |
_aApproximate methods in optimization problems / _cVladimir F. Demyanov and Aleksandr M. Rubinov. Translated from the Russian by Scripta Technica, Inc. Translation editor: George M. Kranc. |
| 250 | _a2. ed. | ||
| 260 |
_aNew York : _bAmerican Elsevier Pub. Co., _c1970. |
||
| 300 |
_aix, 256 p. : _bill. ; _c24 cm. |
||
| 490 | 1 |
_aModern analytic and computational methods in science and mathematics, _vno. 32 |
|
| 500 | _aTranslation of Priblizhennye metody reshenii︠a︡ ėkstremalʹnykh zadach. | ||
| 504 | _aBibliography: p. 249-254. | ||
| 650 | 0 |
_aMaxima and minima. _9199388 |
|
| 650 | 0 |
_aApproximation theory. _9153079 |
|
| 700 | 1 |
_aRubinov, Aleksandr Moiseevich, _ejoint author. _9199389 |
|
| 830 | 0 |
_aModern analytic and computational methods in science and mathematics ; _vv. 32. _9199391 |
|
| 942 |
_2ddc _cBK |
||
| 999 |
_c67294 _d67294 |
||